Road to English : 3 : workbook

Gespeichert in:
Bibliographische Detailangaben
1. Verfasser: Odriozola, Javier
Weitere Verfasser: Palencia, Ramón
Format: Buch
Sprache:Spanisch
Erschienen: Madrid : SM, D.L. 1999
Katalog:MANES:  Suchergebnis im Bibliothekskatalog
Schulbuchspezifische Eigenschaften:
Tags: Tag hinzufügen
Keine Tags, Fügen Sie den ersten Tag hinzu!
Hinzugefügt zu:29.11.1999
Geändert in:07.05.2025

MARC

LEADER 00000cam a2200000 i 4500
005 20250507134601.0
008 000000s1999 espa fp 000 0 spa d
020 |a 8434857448 
040 |a uned  |b spa  |c entro-manes 
100 1 |a Odriozola, Javier  |9 39637 
245 1 0 |a Road to English :   |b 3 : workbook /   |c [autor, Javier Odriozola, Ramón Palencia] 
260 |a Madrid :   |b SM,   |c D.L. 1999 
300 |a 63 p. :   |b il. 
546 |a España 
561 |5 es-BUNED  |3 L.T.M. 0680  |a España. Fondo Manes UNED  |k MANES 
690 0 |a LE 
691 0 |a PRI 
700 1 |a Palencia, Ramón  |9 39638 
942 |2 ddc  |c BK 
999 |c 97906  |d 97906 
999 |c manes:97906  |d 97906